| 000 | 00354cam a22001217a 4500 | ||
|---|---|---|---|
| 008 | 180718b1966 xxu||||| |||| 00| 0 eng d | ||
| 082 | _aT19 si64 | ||
| 100 | _aSingh,R.L. | ||
| 245 |
_aApplied geography _cEdited by R.L. Singh |
||
| 260 |
_aVaranasi _bNational geographical society of India _c1966 |
||
| 300 | _axi, 280p | ||
| 650 | _aGeography -- Periodicals | ||
| 999 |
_c412336 _d412336 |
||